[Event "POL-ch Academic"]
[Site "Katowice"]
[Date "2018.02.03"]
[Round "9"]
[White "Adamowicz, Maciej"]
[Black "Polok, Kacper"]
[Result "0-1"]
[WhiteElo "2130"]
[BlackElo "2237"]
[PlyCount "86"]
[EventDate "2018.02.02"]
[EventType "swiss (rapid)"]
[EventRounds "9"]
[EventCountry "POL"]
[SourceTitle "CBM 182 Extra"]
[Source "ChessBase"]
[SourceDate "2018.02.23"]
[SourceVersion "1"]
[SourceVersionDate "2018.02.23"]
[SourceQuality "1"]

1. c4 e5 2. g3 f5 3. Bg2 Nf6 4. e3 Nc6 5. Ne2 d6 6. 0-0 g6 7. d3 Bg7 8. Nbc3 0-0 9. Rb1 Be6 10. Nd5 Rb8 11. b4 Ne7 12. Nec3 c6 13. Nxe7+ Qxe7 14. Qb3 h5 15. b5 c5 16. Bd2 h4 17. Rbe1 Bh6 18. Nd5 Nxd5 19. cxd5 Bd7 20. Qc4 Rbe8 21. Bc3 e4 22. a4 hxg3 23. hxg3 Bg7 24. Bxg7 Kxg7 25. Qc3+ Qe5 26. Rc1 Qxc3 27. Rxc3 g5 28. Rc4 exd3 29. Rd1 a6 30. b6 f4 31. exf4 gxf4 32. gxf4 Bg4 33. Rxd3 Re1+ 34. Kh2 Kf6 35. Re3 Re8 36. Rxe8 Rxe8 37. Re4 Rh8+ 38. Kg3 Bf5 39. Re1 a5 40. Rh1 Rxh1 41. Bxh1 Bd7 42. Bf3 Bxa4 43. Bg4 Bb3 0-1

[Event "POL-ch Academic"]
[Site "Katowice"]
[Date "2018.02.02"]
[Round "3"]
[White "Adamowicz, Maciej"]
[Black "Lewtak, Damian"]
[Result "0-1"]
[WhiteElo "2130"]
[BlackElo "2387"]
[PlyCount "78"]
[EventDate "2018.02.02"]
[EventType "swiss (rapid)"]
[EventRounds "9"]
[EventCountry "POL"]
[SourceTitle "CBM 182 Extra"]
[Source "ChessBase"]
[SourceDate "2018.02.23"]
[SourceVersion "1"]
[SourceVersionDate "2018.02.23"]
[SourceQuality "1"]

1. c4 e5 2. g3 Nf6 3. Bg2 d5 4. cxd5 Nxd5 5. Nc3 Nb6 6. Nf3 Nc6 7. a3 Be7 8. b4 f6 9. d3 Be6 10. 0-0 0-0 11. Bb2 a5 12. b5 Nd4 13. Nd2 Nd5 14. Nxd5 Bxd5 15. Bxd4 Bxg2 16. Kxg2 Qxd4 17. Qb3+ Kh8 18. a4 Rad8 19. Rac1 Bb4 20. Nf3 Qd6 21. Qc4 Rd7 22. Rfd1 f5 23. d4 e4 24. Ne5 Re7 25. e3 g5 26. Qe2 Qh6 27. Rc4 f4 28. exf4 gxf4 29. Qxe4 Qe6 30. Rc2 Rf6 31. Qxb7 Bd6 32. Nf3 Rh6 33. h4 Qg6 34. Rc3 fxg3 35. Ng5 Rxh4 36. Qc8+ Re8 37. Qd7 Rh2+ 38. Kg1 gxf2+ 39. Kf1 Rh1+ 0-1

[Event "POL-ch U26 rapid"]
[Site "Hucisko"]
[Date "2016.01.15"]
[Round "6"]
[White "Adamowicz, Maciej"]
[Black "Butkiewicz, Lukasz"]
[Result "1/2-1/2"]
[WhiteElo "2130"]
[BlackElo "2442"]
[PlyCount "141"]
[EventDate "2016.01.15"]
[EventType "swiss (rapid)"]
[EventRounds "9"]
[EventCountry "POL"]
[SourceTitle "CBM 170 Extra"]
[Source "ChessBase"]
[SourceDate "2016.02.25"]
[SourceVersion "1"]
[SourceVersionDate "2016.02.25"]
[SourceQuality "1"]

1. c4 f5 2. g3 Nf6 3. Bg2 g6 4. Nc3 Bg7 5. e3 0-0 6. Nge2 d6 7. 0-0 c6 8. b3 e5 9. Bb2 Be6 10. f4 e4 11. h3 Na6 12. d3 Nc5 13. dxe4 fxe4 14. g4 d5 15. Nd4 Bf7 16. cxd5 cxd5 17. Nce2 Nd3 18. Ba3 Re8 19. Qd2 Rc8 20. Nc1 Qb6 21. Nxd3 exd3 22. Bb2 Ne4 23. Qxd3 Nc5 24. Qd2 Ne4 25. Qd3 Nc5 26. Qe2 Na4 27. bxa4 Bxd4 28. Bxd4 Qxd4 29. Rfe1 Qxa4 30. Qd3 Rcd8 31. Qd4 Qxd4 32. exd4 Kf8 33. Kf2 Rxe1 34. Kxe1 Rc8 35. Kd2 Rc4 36. Kd3 Ra4 37. a3 Ke7 38. Bf3 Kd6 39. Bd1 Ra6 40. f5 gxf5 41. gxf5 Ke7 42. Bg4 Kf6 43. Ke3 Ra4 44. Bd1 Ra5 45. Bc2 Ra6 46. Bd3 Rc6 47. Rb1 b6 48. Rg1 Rc3 49. Ra1 Rb3 50. a4 a5 51. Rc1 Be8 52. Rc7 Bxa4 53. Rxh7 Bb5 54. Rh6+ Kf7 55. Kf4 Bxd3 56. Ke5 Be4 57. Rh7+ Kg8 58. Rb7 Bxf5 59. Kxf5 a4 60. Ke5 b5 61. Kxd5 a3 62. Ra7 b4 63. Kc4 Rb2 64. d5 Kf8 65. h4 a2 66. d6 Ke8 67. h5 b3 68. h6 Rb1 69. h7 Rh1 70. Kxb3 Rxh7 71. Rxa2 1/2-1/2

[Event "POL-ch U26 rapid"]
[Site "Hucisko"]
[Date "2016.01.15"]
[Round "4"]
[White "Wiewiora, Eneasz"]
[Black "Adamowicz, Maciej"]
[Result "1-0"]
[WhiteElo "2294"]
[BlackElo "2130"]
[PlyCount "69"]
[EventDate "2016.01.15"]
[EventType "swiss (rapid)"]
[EventRounds "9"]
[EventCountry "POL"]
[SourceTitle "CBM 170 Extra"]
[Source "ChessBase"]
[SourceDate "2016.02.25"]
[SourceVersion "1"]
[SourceVersionDate "2016.02.25"]
[SourceQuality "1"]

1. e4 g6 2. Nc3 Bg7 3. d4 d6 4. f4 Nd7 5. Nf3 a6 6. Bd3 b5 7. 0-0 Bb7 8. e5 e6 9. a4 b4 10. Ne4 Bxe4 11. Bxe4 d5 12. Bd3 c5 13. dxc5 Nxc5 14. Be3 Qc7 15. Qd2 Bf8 16. a5 Nh6 17. h3 Nf5 18. Bf2 h5 19. Qxb4 Be7 20. Qd2 0-0 21. Nd4 Nxd3 22. Qxd3 Nxd4 23. Bxd4 Rfc8 24. c3 Qc6 25. Rf2 Rab8 26. g4 Qc4 27. Qxc4 Rxc4 28. Kg2 hxg4 29. hxg4 Bc5 30. Bxc5 Rxc5 31. Rd2 Rbb5 32. Kf3 Kf8 33. Rh1 Rxa5 34. Rh8+ Kg7 35. Rdh2 1-0

[Event "Kochan Memorial op 26th"]
[Site "Koszalin"]
[Date "2015.08.17"]
[Round "1"]
[White "Gietka, Dariusz"]
[Black "Adamowicz, Maciej"]
[Result "1/2-1/2"]
[WhiteElo "1601"]
[BlackElo "2125"]
[PlyCount "103"]
[EventDate "2015.08.17"]
[EventType "swiss"]
[EventRounds "9"]
[EventCountry "POL"]
[SourceTitle "EXT 2016"]
[Source "ChessBase"]
[SourceDate "2015.10.08"]
[SourceVersion "1"]
[SourceVersionDate "2015.10.08"]
[SourceQuality "1"]

1. e4 c5 2. Nf3 g6 3. d4 cxd4 4. Nxd4 Nc6 5. Nc3 Bg7 6. Be3 Nf6 7. Bc4 Qa5 8. 0-0 0-0 9. Bb3 d6 10. f3 Bd7 11. Qe1 Rac8 12. Rd1 Qc7 13. Qf2 a6 14. Rfe1 Ne5 15. Bg5 Bc6 16. Kh1 Ned7 17. Qh4 b5 18. Nxc6 Qxc6 19. Nd5 Rfe8 20. c3 Qb7 21. f4 Qb8 22. Nxf6+ exf6 23. Bh6 Nc5 24. Bxg7 Kxg7 25. Bxf7 Rxe4 26. Rxe4 Nxe4 27. f5 Ng5 28. fxg6 hxg6 29. Bd5 Re8 30. Qg4 Qa7 31. h4 Nf7 32. Bxf7 Kxf7 33. h5 g5 34. Qf5 Qe3 35. Qg6+ Ke7 36. Rf1 Rf8 37. Qc2 f5 38. Qd1 Qg3 39. Rf3 Qg4 40. Qd5 Qh4+ 41. Kg1 Qe1+ 42. Rf1 Qe3+ 43. Kh1 Rh8 44. Qd1 g4 45. Rxf5 g3 46. Qd4 Qe1+ 47. Qg1 Qe4 48. Qa7+ Ke8 49. Qb8+ Ke7 50. Qc7+ Ke8 51. Qb8+ Ke7 52. Qc7+ 1/2-1/2

[Event "POL-ch U26"]
[Site "Zabrze"]
[Date "2015.01.10"]
[Round "4"]
[White "Leniart, Arkadiusz"]
[Black "Adamowicz, Maciej"]
[Result "1-0"]
[WhiteElo "2488"]
[BlackElo "2072"]
[PlyCount "43"]
[EventDate "2015.01.10"]
[EventType "swiss"]
[EventRounds "9"]
[EventCountry "POL"]
[SourceTitle "EXT 2016"]
[Source "ChessBase"]
[SourceDate "2015.10.08"]
[SourceVersion "1"]
[SourceVersionDate "2015.10.08"]
[SourceQuality "1"]

1. e4 g6 2. d4 Bg7 3. c4 d6 4. Nc3 Nd7 5. Nf3 e6 6. Be2 Ne7 7. 0-0 0-0 8. Be3 e5 9. dxe5 Nxe5 10. Nxe5 dxe5 11. Qxd8 Rxd8 12. Nb5 Bd7 13. Nxc7 Rac8 14. Nd5 Nc6 15. b4 Kf8 16. Rfd1 Nd4 17. Bxd4 exd4 18. Bd3 Ba4 19. Rd2 g5 20. Kf1 Rc6 21. Rb1 Be5 22. b5 1-0

[Event "Krakow op-B 25th"]
[Site "Krakow"]
[Date "2015.01.02"]
[Round "7"]
[White "Adamowicz, Maciej"]
[Black "Sanetra, Szymon"]
[Result "1/2-1/2"]
[WhiteElo "2072"]
[BlackElo "1983"]
[PlyCount "66"]
[EventDate "2014.12.27"]
[EventType "swiss"]
[EventRounds "9"]
[EventCountry "POL"]
[SourceTitle "CBM 164 Extra"]
[Source "ChessBase"]
[SourceDate "2015.03.02"]
[SourceVersion "1"]
[SourceVersionDate "2015.03.02"]
[SourceQuality "1"]

1. c4 e6 2. Nf3 d5 3. e3 Nf6 4. b3 Be7 5. Bb2 Nbd7 6. Be2 0-0 7. 0-0 c6 8. d3 Qc7 9. Nbd2 Re8 10. Rc1 Bf8 11. Qc2 e5 12. cxd5 Nxd5 13. d4 exd4 14. Nxd4 Ne5 15. Nc4 Ng6 16. a3 Bd7 17. Nd2 Rad8 18. N2f3 Qc8 19. Bd3 Qb8 20. Rfd1 Be7 21. b4 Bf6 22. Qb3 Ne5 23. Be2 Nxf3+ 24. Bxf3 Nc7 25. Be2 Nd5 26. Bc4 Bg4 27. Re1 Bh5 28. b5 Bxd4 29. Bxd4 Ne7 30. Bc3 cxb5 31. Bxb5 Nc6 32. Ba1 Re6 33. Qc3 Qe5 1/2-1/2

[Event "Krakow op-B 25th"]
[Site "Krakow"]
[Date "2014.12.30"]
[Round "5"]
[White "Adamowicz, Maciej"]
[Black "Szczurek, Krzysztof"]
[Result "1/2-1/2"]
[WhiteElo "2072"]
[BlackElo "1901"]
[PlyCount "75"]
[EventDate "2014.12.27"]
[EventType "swiss"]
[EventRounds "9"]
[EventCountry "POL"]
[SourceTitle "CBM 164 Extra"]
[Source "ChessBase"]
[SourceDate "2015.03.02"]
[SourceVersion "1"]
[SourceVersionDate "2015.03.02"]
[SourceQuality "1"]

1. c4 Nf6 2. Nf3 g6 3. g3 Bg7 4. Bg2 0-0 5. 0-0 d6 6. Nc3 Nbd7 7. d3 e5 8. Rb1 c6 9. Nd2 Nb6 10. b4 d5 11. b5 Bf5 12. bxc6 bxc6 13. cxd5 cxd5 14. Ba3 Re8 15. Nb5 Bf8 16. Bxf8 Rxf8 17. Qc2 Qd7 18. Rfc1 Rfc8 19. Qb2 a6 20. Nc7 Rxc7 21. Qxb6 Rxc1+ 22. Rxc1 Be6 23. Qb2 Qd6 24. Nb3 Rb8 25. d4 e4 26. Qd2 Qb4 27. Qxb4 Rxb4 28. e3 Rc4 29. Bf1 Rxc1 30. Nxc1 Bc8 31. a4 Nd7 32. Nb3 Nb6 33. Nc5 a5 34. Bb5 Bg4 35. Kf1 Kf8 36. Ke1 Ke7 37. Kd2 Bd7 38. Nxd7 1/2-1/2

[Event "Rewal op-A 19th"]
[Site "Rewal"]
[Date "2014.08.22"]
[Round "4"]
[White "Voloshin, Leonid"]
[Black "Adamowicz, Maciej"]
[Result "1/2-1/2"]
[WhiteElo "2403"]
[BlackElo "2083"]
[PlyCount "75"]
[EventDate "2014.08.19"]
[EventType "swiss"]
[EventRounds "9"]
[EventCountry "POL"]
[SourceTitle "EXT 2015"]
[Source "ChessBase"]
[SourceDate "2014.11.20"]
[SourceVersion "1"]
[SourceVersionDate "2014.11.20"]
[SourceQuality "1"]

1. d4 g6 2. e4 Bg7 3. Nc3 d6 4. Nf3 a6 5. a4 Nd7 6. Bc4 e6 7. Bg5 Ne7 8. Qd2 h6 9. Be3 d5 10. exd5 Nb6 11. Bb3 Nbxd5 12. Nxd5 Nxd5 13. 0-0 Nxe3 14. Qxe3 0-0 15. Ne5 Qd6 16. Rad1 b6 17. f4 Bb7 18. c3 Rad8 19. Rfe1 Qe7 20. a5 Bd5 21. Bxd5 Rxd5 22. axb6 cxb6 23. Rd2 Qc7 24. Red1 Rfd8 25. h3 a5 26. Kh1 Kh7 27. Qe4 f5 28. Qe3 Bxe5 29. dxe5 Rxd2 30. Rxd2 Rxd2 31. Qxd2 Kg7 32. Qd4 Kf7 33. Kg1 Ke7 34. Kf2 Kf7 35. Ke3 Ke7 36. c4 Qc6 37. Kf2 Qc5 38. Qxc5+ 1/2-1/2

[Event "Kochan Memorial op 25th"]
[Site "Koszalin"]
[Date "2014.08.11"]
[Round "1"]
[White "Adamowicz, Maciej"]
[Black "Kedziera, Izydor"]
[Result "1-0"]
[WhiteElo "2083"]
[BlackElo "1512"]
[PlyCount "59"]
[EventDate "2014.08.10"]
[EventType "swiss"]
[EventRounds "9"]
[EventCountry "POL"]
[SourceTitle "CBM 161 Extra"]
[Source "ChessBase"]
[SourceDate "2014.08.29"]
[SourceVersion "1"]
[SourceVersionDate "2014.08.29"]
[SourceQuality "1"]

1. c4 d6 2. Nc3 Nf6 3. g3 c6 4. Bg2 g6 5. Nf3 Bg7 6. 0-0 Nbd7 7. d3 h5 8. Rb1 Ng4 9. Bg5 f6 10. Bd2 g5 11. d4 Nf8 12. Qc2 Be6 13. d5 cxd5 14. cxd5 Bf7 15. Nd4 Nh6 16. Be4 Rc8 17. Nf5 Nxf5 18. Bxf5 Rc7 19. Qa4+ Nd7 20. Nb5 Rc5 21. e4 0-0 22. Nxd6 Nb6 23. Nxf7 Nxa4 24. Nxd8 Rxd8 25. Bb4 Rc7 26. Rbc1 Rxc1 27. Rxc1 Nxb2 28. Bxe7 Re8 29. Be6+ Kh8 30. d6 1-0

[Event "Lazy Baltic Pearl op 10th"]
[Site "Lazy"]
[Date "2014.07.06"]
[Round "7"]
[White "Adamowicz, Maciej"]
[Black "Snihur, Piotr"]
[Result "1/2-1/2"]
[WhiteElo "2089"]
[BlackElo "2147"]
[PlyCount "64"]
[EventDate "2014.06.29"]
[EventType "swiss"]
[EventRounds "9"]
[EventCountry "POL"]
[SourceTitle "CBM 161 Extra"]
[Source "ChessBase"]
[SourceDate "2014.08.29"]
[SourceVersion "1"]
[SourceVersionDate "2014.08.29"]
[SourceQuality "1"]

1. c4 e6 2. Nf3 d5 3. b3 d4 4. e3 c5 5. exd4 cxd4 6. Bb2 Nc6 7. d3 Nf6 8. g3 Be7 9. Bg2 0-0 10. 0-0 e5 11. Na3 Bf5 12. Qe2 Nd7 13. Nd2 Re8 14. Nc2 a5 15. Be4 Bxe4 16. dxe4 Nc5 17. Qg4 Qb6 18. Ba3 Ra6 19. Bxc5 Bxc5 20. Ne1 Bb4 21. Qe2 d3 22. Qd1 Nd4 23. Kh1 Qg6 24. f3 Qh6 25. Rf2 Qe3 26. Kg2 Ne6 27. Nf1 Nf4+ 28. gxf4 Rg6+ 29. Ng3 exf4 30. Qxd3 Bxe1 31. Qxe3 fxe3 32. Re2 Bf2 1/2-1/2

[Event "Lazy Baltic Pearl op 10th"]
[Site "Lazy"]
[Date "2014.07.01"]
[Round "3"]
[White "Adamowicz, Maciej"]
[Black "Zylka, Stanislaw"]
[Result "1/2-1/2"]
[WhiteElo "2089"]
[BlackElo "1939"]
[PlyCount "39"]
[EventDate "2014.06.29"]
[EventType "swiss"]
[EventRounds "9"]
[EventCountry "POL"]
[SourceTitle "CBM 161 Extra"]
[Source "ChessBase"]
[SourceDate "2014.08.29"]
[SourceVersion "1"]
[SourceVersionDate "2014.08.29"]
[SourceQuality "1"]

1. c4 c5 2. Nc3 g6 3. g3 Bg7 4. Bg2 Nc6 5. d3 e5 6. e3 Nge7 7. Nge2 0-0 8. 0-0 d6 9. a3 Be6 10. Rb1 a5 11. Bd2 Qd7 12. Nd5 Rab8 13. Nec3 b6 14. b4 axb4 15. axb4 Nxb4 16. Nxb4 cxb4 17. Rxb4 d5 18. cxd5 Nxd5 19. Nxd5 Bxd5 20. Bxd5 1/2-1/2

[Event "Lazy Baltic Pearl op 10th"]
[Site "Lazy"]
[Date "2014.06.30"]
[Round "2"]
[White "Niekras, Dawid"]
[Black "Adamowicz, Maciej"]
[Result "1/2-1/2"]
[WhiteElo "1981"]
[BlackElo "2089"]
[PlyCount "68"]
[EventDate "2014.06.29"]
[EventType "swiss"]
[EventRounds "9"]
[EventCountry "POL"]
[SourceTitle "CBM 161 Extra"]
[Source "ChessBase"]
[SourceDate "2014.08.29"]
[SourceVersion "1"]
[SourceVersionDate "2014.08.29"]
[SourceQuality "1"]

1. e4 g6 2. d4 Bg7 3. Nc3 d6 4. f4 Nd7 5. Nf3 a6 6. Bd3 b5 7. e5 e6 8. Be3 Bb7 9. Qe2 Ne7 10. a3 Nb6 11. 0-0-0 Qd7 12. g4 0-0-0 13. Rhg1 d5 14. Nd2 Nc4 15. Nb3 h5 16. Nc5 Qc6 17. h3 hxg4 18. hxg4 Rh3 19. Bf2 Bh6 20. g5 Bg7 21. Rh1 Rdh8 22. Rxh3 Rxh3 23. Qg4 Rh7 24. Qg2 Qe8 25. a4 c6 26. axb5 axb5 27. b3 Nb6 28. Kb2 Nd7 29. Nxd7 Kxd7 30. Ra1 Qd8 31. Ne2 Nc8 32. Ng3 Qh8 33. Rh1 Rxh1 34. Nxh1 Qxh1 1/2-1/2

[Event "Krakow op-A 24th"]
[Site "Krakow"]
[Date "2014.01.03"]
[Round "8"]
[White "Adamowicz, Maciej"]
[Black "Lach, Aleksandra"]
[Result "0-1"]
[WhiteElo "2107"]
[BlackElo "2161"]
[PlyCount "76"]
[EventDate "2013.12.27"]
[EventType "swiss"]
[EventRounds "9"]
[EventCountry "POL"]
[SourceTitle "CBM 158 Extra"]
[Source "ChessBase"]
[SourceDate "2014.02.28"]
[SourceVersion "1"]
[SourceVersionDate "2014.02.28"]
[SourceQuality "1"]

1. c4 e5 2. g3 Nf6 3. Bg2 d5 4. cxd5 Nxd5 5. Nc3 Nb6 6. Nf3 Nc6 7. 0-0 Be7 8. a3 a5 9. d3 Be6 10. Be3 Nd5 11. Bd2 0-0 12. Rc1 Nxc3 13. Bxc3 f6 14. Qa4 Ra6 15. Rfd1 b5 16. Qc2 b4 17. d4 bxc3 18. d5 cxb2 19. Qxb2 Rb6 20. Qa1 Bf7 21. dxc6 Qb8 22. Qc3 a4 23. Rd7 Rb3 24. Qa5 Bxa3 25. Rf1 Bd6 26. Bh3 Qb5 27. Qxb5 Rxb5 28. Rd1 a3 29. R1xd6 cxd6 30. Ra7 Rc5 31. Bd7 Bd5 32. Ra6 Bc4 33. Ra7 Bxe2 34. Nd2 Rc2 35. Be6+ Kh8 36. c7 Rxd2 37. c8Q Rxc8 38. Bxc8 Bf3 0-1

[Event "Rewal op-A 18th"]
[Site "Rewal"]
[Date "2013.08.27"]
[Round "7"]
[White "Adamowicz, Maciej"]
[Black "Wisniewski, Michal"]
[Result "1-0"]
[WhiteElo "2071"]
[BlackElo "1876"]
[PlyCount "188"]
[EventDate "2013.08.20"]
[EventType "swiss"]
[EventRounds "9"]
[EventCountry "POL"]
[SourceTitle "CBM 156 Extra"]
[Source "ChessBase"]
[SourceDate "2013.10.22"]
[SourceVersion "1"]
[SourceVersionDate "2013.10.22"]
[SourceQuality "1"]

1. c4 e5 2. g3 Nf6 3. Bg2 d5 4. cxd5 Nxd5 5. Nc3 Nb6 6. Nf3 Nc6 7. 0-0 Be7 8. a3 Be6 9. b4 0-0 10. Rb1 f6 11. d3 a5 12. b5 Nd4 13. Nd2 c6 14. bxc6 Nxc6 15. Na4 Nxa4 16. Qxa4 Nd4 17. Qd1 Bg4 18. Re1 Bc5 19. h3 Nxe2+ 20. Rxe2 Bxe2 21. Qxe2 Rb8 22. Rxb7 Rxb7 23. Bxb7 Qd7 24. Qe4 Kh8 25. Qd5 Qc7 26. Nb3 Rd8 27. Qxc5 Qxb7 28. Nxa5 Qd7 29. Kh2 Qxd3 30. Nb7 Ra8 31. Nd6 h6 32. Qb4 Qc2 33. Be3 Ra4 34. Qc5 Qd3 35. Qc8+ Kh7 36. Bc5 Qd5 37. Qc7 Qe6 38. Bb4 Ra6 39. Qc2+ Kg8 40. Qd3 Rc6 41. Nf5 e4 42. Qd8+ Kh7 43. Ne3 Qa2 44. Qd2 Qb1 45. Ng2 Rc2 46. Qe3 Rc1 47. Ne1 Rc4 48. Bd2 Qa2 49. g4 Qb2 50. Kg2 h5 51. gxh5 Qe5 52. Qe2 Qd5 53. Be3 Rc3 54. Nc2 Qd3 55. Nd4 Qxe2 56. Nxe2 Rxa3 57. Nf4 Ra5 58. h4 Rb5 59. Kg3 Ra5 60. Kg4 Rb5 61. Ng6 Rb1 62. Kf4 Rb5 63. Kg4 Rb1 64. Bf4 Rg1+ 65. Kf5 Rg2 66. Be3 Rg1 67. Kxe4 Rb1 68. Kf5 Rb5+ 69. Kg4 Rb4+ 70. Bf4 Re4 71. Kf5 Rb4 72. Nf8+ Kg8 73. Ne6 Kf7 74. Nd8+ Kg8 75. Bg3 Kh7 76. Nc6 Rc4 77. Ne7 Kh6 78. Ke6 Kxh5 79. Kf7 g5 80. hxg5 Kxg5 81. Nd5 f5 82. Be5 Rc5 83. f4+ Kg4 84. Ne3+ Kf3 85. Nxf5 Ke4 86. Ke6 Rc1 87. Ng3+ Kf3 88. f5 Rc8 89. Ke7 Rc5 90. Ke6 Rc8 91. Nh5 Re8+ 92. Kd6 Rf8 93. Nf6 Ra8 94. Ke6 Re8+ 1-0

[Event "Rewal op-A 18th"]
[Site "Rewal"]
[Date "2013.08.24"]
[Round "5"]
[White "Adamowicz, Maciej"]
[Black "Marusenko, Petr"]
[Result "0-1"]
[WhiteElo "2071"]
[BlackElo "2192"]
[PlyCount "98"]
[EventDate "2013.08.20"]
[EventType "swiss"]
[EventRounds "9"]
[EventCountry "POL"]
[SourceTitle "CBM 156 Extra"]
[Source "ChessBase"]
[SourceDate "2013.10.22"]
[SourceVersion "1"]
[SourceVersionDate "2013.10.22"]
[SourceQuality "1"]

1. c4 f5 2. g3 Nf6 3. Bg2 g6 4. Nf3 Bg7 5. 0-0 0-0 6. Nc3 d6 7. Rb1 e5 8. d3 a5 9. a3 Nc6 10. b4 axb4 11. axb4 h6 12. b5 Ne7 13. Qb3 Be6 14. Ba3 g5 15. Nd2 Rb8 16. Ra1 b6 17. Bb4 Nc8 18. Ra6 Qe8 19. Qa4 Qh5 20. h3 Ne7 21. Ra7 Ne8 22. Qa3 Ng6 23. Nd5 Bxd5 24. Bxd5+ Kh8 25. Kg2 Ne7 26. Bf3 g4 27. hxg4 fxg4 28. Be4 Qh3+ 29. Kg1 Nf5 30. Bg2 Qh5 31. e3 Qg6 32. Kh2 h5 33. Be4 Rd8 34. Rh1 Rf7 35. Kg1 Bh6 36. Qb2 Nf6 37. Bc6 Rdf8 38. Nf1 Nh7 39. Qe2 Ng5 40. Bg2 Ng7 41. Nh2 Rxf2 42. Qxf2 Rxf2 43. Kxf2 Qxd3 44. Re1 Qxc4 45. Bd2 N7e6 46. Bc6 Nc5 47. Kg2 Nce4 48. Rxc7 Nxd2 49. Ra1 Ne6 0-1

[Event "POL-chT U19 1st League"]
[Site "Karpacz"]
[Date "2013.07.26"]
[Round "4"]
[White "Adamowicz, Maciej"]
[Black "Lewtak, Damian"]
[Result "1/2-1/2"]
[WhiteElo "2036"]
[BlackElo "2254"]
[PlyCount "82"]
[EventDate "2013.07.22"]
[EventType "team-tourn"]
[EventRounds "9"]
[EventCountry "POL"]
[SourceTitle "EXT 2014"]
[Source "ChessBase"]
[SourceDate "2013.11.20"]
[SourceVersion "1"]
[SourceVersionDate "2013.11.20"]
[SourceQuality "1"]
[WhiteTeam "Koszalin Hetman Politechnika U19"]
[BlackTeam "Czarna LKSz GCKiP U19"]
[WhiteTeamCountry "POL"]
[BlackTeamCountry "POL"]

1. Nf3 Nf6 2. g3 d5 3. Bg2 e6 4. 0-0 Be7 5. b3 c6 6. Bb2 0-0 7. d3 Nbd7 8. Nbd2 a5 9. a3 c5 10. c4 b6 11. Qc2 Bb7 12. e4 d4 13. h3 Qc7 14. Kh2 Nh5 15. Qd1 g6 16. Ne1 f5 17. exf5 exf5 18. f4 Bd6 19. Bxb7 Qxb7 20. Ng2 Rae8 21. Re1 Ndf6 22. Qf3 Qxf3 23. Nxf3 h6 24. Nfh4 Kf7 25. Rxe8 Rxe8 26. Re1 Rxe1 27. Nxe1 Ne8 28. Bc1 Kf6 29. Nef3 Nc7 30. Ne5 g5 31. Nhf3 gxf4 32. Bxf4 Nxf4 33. gxf4 Ne6 34. Kg3 Nxf4 35. Kxf4 Bc7 36. a4 Bd6 37. Ne1 Bxe5+ 38. Kf3 Kg5 39. Ng2 Bh2 40. Kf2 Bf4 41. Kf3 Bd6 1/2-1/2

[Event "Lazy Baltic Pearl op 09th"]
[Site "Lazy"]
[Date "2013.07.06"]
[Round "7"]
[White "Reza, Wojciech"]
[Black "Adamowicz, Maciej"]
[Result "1/2-1/2"]
[WhiteElo "2122"]
[BlackElo "2036"]
[PlyCount "54"]
[EventDate "2013.06.30"]
[EventType "swiss"]
[EventRounds "9"]
[EventCountry "POL"]
[SourceTitle "CBM 155 Extra"]
[Source "ChessBase"]
[SourceDate "2013.08.26"]
[SourceVersion "1"]
[SourceVersionDate "2013.08.26"]
[SourceQuality "1"]

1. e4 c5 2. Nf3 d6 3. d4 cxd4 4. Nxd4 Nf6 5. Nc3 a6 6. Bg5 e6 7. f4 Qb6 8. Qd2 Qxb2 9. Rb1 Qa3 10. f5 Nc6 11. fxe6 fxe6 12. Nxc6 bxc6 13. e5 dxe5 14. Bxf6 gxf6 15. Ne4 Qxa2 16. Rd1 Be7 17. Be2 0-0 18. 0-0 f5 19. Qh6 Qxc2 20. Rd3 Qxe2 21. Rg3+ Kf7 22. Rxf5+ exf5 23. Rg7+ Ke8 24. Qxc6+ Kd8 25. Qb6+ Ke8 26. Qc6+ Kd8 27. Qb6+ Ke8 1/2-1/2

[Event "Lazy Baltic Pearl op 09th"]
[Site "Lazy"]
[Date "2013.07.03"]
[Round "4"]
[White "Jarmula, Pawel"]
[Black "Adamowicz, Maciej"]
[Result "0-1"]
[WhiteElo "2174"]
[BlackElo "2036"]
[PlyCount "88"]
[EventDate "2013.06.30"]
[EventType "swiss"]
[EventRounds "9"]
[EventCountry "POL"]
[SourceTitle "CBM 155 Extra"]
[Source "ChessBase"]
[SourceDate "2013.08.26"]
[SourceVersion "1"]
[SourceVersionDate "2013.08.26"]
[SourceQuality "1"]

1. e4 c5 2. Nf3 g6 3. d4 cxd4 4. Qxd4 Nf6 5. e5 Nc6 6. Qf4 Nd5 7. Qe4 Ndb4 8. c3 d5 9. Qe2 Na6 10. Bf4 Bg7 11. Qe3 Nc7 12. Bd3 d4 13. cxd4 Bg4 14. Nc3 Bxf3 15. gxf3 Qxd4 16. Qxd4 Nxd4 17. Be4 Nce6 18. Bg3 Nc5 19. 0-0-0 Nxe4 20. fxe4 Nf3 21. e6 fxe6 22. Nb5 Rc8+ 23. Kb1 a6 24. Na3 b5 25. Nc2 Kf7 26. Rd7 Rhd8 27. Rhd1 Rxd7 28. Rxd7 Bh6 29. Ne3 Ke8 30. Rd3 Bxe3 31. fxe3 Ng5 32. e5 Ne4 33. Be1 Rd8 34. Kc2 Rd5 35. Ra3 Nc5 36. Bg3 Kd7 37. Bf4 b4 38. Ra5 Kc6 39. e4 Rd4 40. Rxc5+ Kxc5 41. Be3 g5 42. h3 h5 43. Kb3 h4 44. a3 a5 0-1

[Event "Guzinsky Memorial 6th"]
[Site "Lazy"]
[Date "2013.03.29"]
[Round "3"]
[White "Adamowicz, Maciej"]
[Black "Zolnierowicz, Krzysztof"]
[Result "1-0"]
[WhiteElo "2046"]
[BlackElo "2167"]
[PlyCount "61"]
[EventDate "2013.03.28"]
[EventType "swiss"]
[EventRounds "9"]
[EventCountry "POL"]
[SourceTitle "EXT 2014"]
[Source "ChessBase"]
[SourceDate "2013.11.20"]
[SourceVersion "1"]
[SourceVersionDate "2013.11.20"]
[SourceQuality "1"]

1. c4 e6 2. Nf3 d5 3. g3 Nf6 4. Bg2 Be7 5. 0-0 0-0 6. b3 c5 7. Bb2 Nc6 8. cxd5 exd5 9. d4 Re8 10. Nc3 Bg4 11. dxc5 Bxc5 12. Rc1 Bf8 13. h3 Bh5 14. Re1 Rc8 15. e3 h6 16. Ne2 Bb4 17. Rf1 Bg6 18. Nf4 Be4 19. Bxf6 Qxf6 20. Nxd5 Qb2 21. Nxb4 Nxb4 22. Rxc8 Rxc8 23. Qd7 Qc3 24. Ne5 Bxg2 25. Qxf7+ Kh8 26. Ng6+ Kh7 27. Kxg2 Qc6+ 28. Kg1 Qxg6 29. Qxb7 Re8 30. Qxb4 Rxe3 31. Qd2 1-0